<?xml version="1.0" encoding="UTF-8"?>
<record
    xmlns:xsi="http://www.w3.org/2001/XMLSchema-instance"
    xsi:schemaLocation="http://www.loc.gov/MARC21/slim http://www.loc.gov/standards/marcxml/schema/MARC21slim.xsd"
    xmlns="http://www.loc.gov/MARC21/slim">

  <leader>00772cam a22002054a 4500</leader>
  <controlfield tag="008">081201t2005    ua     gr    f000 0 ara d</controlfield>
  <datafield tag="020" ind1=" " ind2=" ">
    <subfield code="a">9770812234</subfield>
  </datafield>
  <datafield tag="082" ind1="0" ind2="4">
    <subfield code="a">229</subfield>
    <subfield code="2">21</subfield>
    <subfield code="b">&#x645; &#x62D; &#x645;</subfield>
  </datafield>
  <datafield tag="100" ind1="1" ind2=" ">
    <subfield code="a">&#x645;&#x62D;&#x645;&#x648;&#x62F;&#x60C; &#x645;&#x635;&#x637;&#x641;&#x649;&#x60C;</subfield>
    <subfield code="d">1921-2009</subfield>
    <subfield code="9">34614</subfield>
  </datafield>
  <datafield tag="245" ind1="1" ind2="2">
    <subfield code="a">&#x627;&#x644;&#x642;&#x631;&#x622;&#x646; &#x643;&#x627;&#x626;&#x646; &#x62D;&#x64A; /</subfield>
    <subfield code="c">&#x645;&#x635;&#x637;&#x641;&#x649; &#x645;&#x62D;&#x645;&#x648;&#x62F;.</subfield>
  </datafield>
  <datafield tag="260" ind1=" " ind2=" ">
    <subfield code="a">[&#x627;&#x644;&#x642;&#x627;&#x647;&#x631;&#x629;] :</subfield>
    <subfield code="b">&#x62F;&#x627;&#x631; &#x623;&#x62E;&#x628;&#x627;&#x631; &#x627;&#x644;&#x64A;&#x648;&#x645;&#x60C; &#x642;&#x637;&#x627;&#x639; &#x627;&#x644;&#x62B;&#x642;&#x627;&#x641;&#x629;&#x60C;</subfield>
    <subfield code="c">&#x62D;.2005.</subfield>
  </datafield>
  <datafield tag="300" ind1=" " ind2=" ">
    <subfield code="a">126 &#x635;. &#x61B;</subfield>
    <subfield code="c">20 &#x633;&#x645;.</subfield>
  </datafield>
  <datafield tag="490" ind1="1" ind2=" ">
    <subfield code="a">&#x627;&#x644;&#x623;&#x639;&#x645;&#x627;&#x644; &#x627;&#x644;&#x643;&#x627;&#x645;&#x644;&#x629;</subfield>
    <subfield code="9">23848</subfield>
  </datafield>
  <datafield tag="630" ind1="2" ind2="0">
    <subfield code="a">&#x627;&#x644;&#x642;&#x631;&#x622;&#x646;</subfield>
    <subfield code="x">&#x645;&#x628;&#x627;&#x62D;&#x62B; &#x639;&#x627;&#x645;&#x629;</subfield>
    <subfield code="9">34619</subfield>
  </datafield>
  <datafield tag="653" ind1=" " ind2=" ">
    <subfield code="b">Ara</subfield>
    <subfield code="c">December2013</subfield>
  </datafield>
  <datafield tag="655" ind1=" " ind2=" ">
    <subfield code="v">reading book</subfield>
    <subfield code="9">34232</subfield>
  </datafield>
  <datafield tag="730" ind1="2" ind2=" ">
    <subfield code="a">&#x627;&#x644;&#x642;&#x631;&#x622;&#x646;</subfield>
    <subfield code="9">34619</subfield>
  </datafield>
  <datafield tag="800" ind1="1" ind2=" ">
    <subfield code="9">34618</subfield>
    <subfield code="a">&#x645;&#x62D;&#x645;&#x648;&#x62F;&#x60C; &#x645;&#x635;&#x637;&#x641;&#x649;.</subfield>
    <subfield code="t">&#x627;&#x644;&#x623;&#x639;&#x645;&#x627;&#x644; &#x627;&#x644;&#x643;&#x627;&#x645;&#x644;&#x629; </subfield>
  </datafield>
  <datafield tag="942" ind1=" " ind2=" ">
    <subfield code="2">ddc</subfield>
    <subfield code="c">BB</subfield>
    <subfield code="k">&#x645; &#x62D; &#x645; 229</subfield>
  </datafield>
  <datafield tag="999" ind1=" " ind2=" ">
    <subfield code="c">17848</subfield>
    <subfield code="d">17820</subfield>
  </datafield>
  <datafield tag="952" ind1=" " ind2=" ">
    <subfield code="0">0</subfield>
    <subfield code="1">0</subfield>
    <subfield code="2">ddc</subfield>
    <subfield code="4">0</subfield>
    <subfield code="7">0</subfield>
    <subfield code="8">sorazbk</subfield>
    <subfield code="a">MAIN</subfield>
    <subfield code="b">MAIN</subfield>
    <subfield code="c">LOW</subfield>
    <subfield code="d">2013-12-12</subfield>
    <subfield code="e">purchase</subfield>
    <subfield code="g">15.00</subfield>
    <subfield code="o">229 &#x645; &#x62D; &#x645;</subfield>
    <subfield code="p">000035182</subfield>
    <subfield code="r">2026-03-03 00:00:00</subfield>
    <subfield code="s">2026-03-02</subfield>
    <subfield code="v">18.75</subfield>
    <subfield code="y">BB</subfield>
  </datafield>
</record>
